Analysis /

Bibliographic Details
Main Author: Amann, H. (Herbert), 1938-
Other Authors: Escher, Joachim, 1962-
Format: Book
Language:English
Published: Basel ; Boston : Birkhäuser, ©2005-<©2008>
Subjects:

MARC

Tag First Indicator Second Indicator Subfields
LEADER 00000cam a22000004a 4500
001 in00002035513
005 20151101052740.0
008 041027m20059999sz a b 001 0 eng
010 |a  2004057436  |z  2008926303 
020 |a 0817671536 (v. 1 : acid-free paper) 
020 |a 9780817671532 (v. 1 : acid-free paper) 
020 |a 3764371536 (v. 1 : acid-free paper) 
020 |a 9783764371531 (v. 1 : acid-free paper) 
020 |a 9783764374723 (v. 2 : acid-free paper) 
020 |a 3764374721 (v. 2 : acid-free paper) 
020 |a 9783764374785 (v. 2 : ebook) 
020 |a 3764374780 (v. 2 : ebook) 
035 |a (OCoLC)ocm56895161 
040 |a DLC  |c DLC  |d TXA  |d UtOrBLW 
041 1 |a eng  |h ger 
042 |a pcc 
049 |a TXAM 
050 0 0 |a QA300  |b .A48613 2005 
082 0 0 |a 515  |2 22 
100 1 |a Amann, H.  |q (Herbert),  |d 1938- 
240 1 0 |a Analysis.  |l English 
245 1 0 |a Analysis /  |c Herbert Amann, Joachim Escher ; translated from the German by Gary Brokfield. 
264 1 |a Basel ;  |a Boston :  |b Birkhäuser,  |c ©2005-<©2008> 
300 |a volumes <1-2> :  |b illustrations ;  |c 24 cm. 
336 |a text  |b txt  |2 rdacontent 
337 |a unmediated  |b n  |2 rdamedia 
338 |a volume  |b nc  |2 rdacarrier 
500 |a Volume 2 translated by: Silvio Levy and Matthew Cargo. 
504 |a Includes bibliographical references and index. 
650 0 |a Mathematical analysis. 
700 1 |a Escher, Joachim,  |d 1962- 
948 |a cataloged  |b h  |c 2005/3/10  |d c  |e blrosas  |f 11:16:25 am 
994 |a C0  |b TXA 
999 |a MARS 
999 f f |s e81f403f-4835-3a96-a8f9-9b0cf783b41f  |i 68af6f6b-6b77-3247-8c17-36c0cb0fe6d8  |t 0 
952 f f |p normal  |a Texas A&M University  |b College Station  |c Sterling C. Evans Library  |d Evans: Library Stacks  |t 0  |e QA300 .A48613 2005  |h Library of Congress classification  |i unmediated -- volume  |m A14832650139 
952 f f |p normal  |a Texas A&M University  |b College Station  |c Sterling C. Evans Library  |d Evans: Library Stacks  |t 0  |e QA300 .A48613 2005  |h Library of Congress classification  |i unmediated -- volume  |m A14832332684 
952 f f |p normal  |a Texas A&M University  |b College Station  |c Sterling C. Evans Library  |d Evans: Library Stacks  |t 0  |e QA300 .A48613 2005  |h Library of Congress classification  |i unmediated -- volume  |k 2  |m A14836729956 
998 f f |a QA300 .A48613 2005  |t 0  |l Evans: Library Stacks 
998 f f |a QA300 .A48613 2005  |t 0  |l Evans: Library Stacks